Welcome to CU Library Online Public Access Catalogue (OPAC)

Is capitalism Christian? : (Record no. 5291)

MARC details
000 -LEADER
fixed length control field 00637cam a2200193 a 4500
001 - CONTROL NUMBER
control field 2389043
005 - DATE AND TIME OF LATEST TRANSACTION
control field 20250328115016.0
008 - FIXED-LENGTH DATA ELEMENTS--GENERAL INFORMATION
fixed length control field 850205s1985 ilua b 000 0 eng
020 ## - INTERNATIONAL STANDARD BOOK NUMBER
International Standard Book Number 0891073620 (pbk.) :
Terms of availability $9.95
050 00 - LIBRARY OF CONGRESS CALL NUMBER
Classification number BR115.C3
Item number I7 1985
082 00 - DEWEY DECIMAL CLASSIFICATION NUMBER
Classification number 261.8/5
Edition information 19
245 00 - TITLE STATEMENT
Title Is capitalism Christian? :
Remainder of title toward a Christian perspective on economics /
Statement of responsibility, etc. edited by Franky Schaeffer.
260 ## - PUBLICATION, DISTRIBUTION, ETC.
Place of publication, distribution, etc. Westchester, Ill. :
Name of publisher, distributor, etc. Crossway Books,
Date of publication, distribution, etc. c1985.
300 ## - PHYSICAL DESCRIPTION
Extent xxix, 461 p. :
Other physical details ill. ;
Dimensions 24 cm.
650 #0 - SUBJECT ADDED ENTRY--TOPICAL TERM
Topical term or geographic name entry element Capitalism
General subdivision Religious aspects
-- Christianity.
650 #0 - SUBJECT ADDED ENTRY--TOPICAL TERM
Topical term or geographic name entry element Socialism.
700 1# - ADDED ENTRY--PERSONAL NAME
Personal name Schaeffer, Frank.
942 ## - ADDED ENTRY ELEMENTS (KOHA)
Source of classification or shelving scheme Library of Congress Classification
Koha item type Books
Suppress in OPAC No
999 ## -
-- 5291
-- 5291
Holdings
Withdrawn status Lost status Source of classification or shelving scheme Damaged status Not for loan Collection Home library Current library Shelving location Date acquired Total checkouts Full call number Barcode Date last seen Copy number Price effective from Koha item type
    Library of Congress Classification     Non-fiction Business Library (Miotso) Business Library (Miotso) General stacks 03/28/2025   BR115.C3 I7 1985 BSSM00001659 03/28/2025 1 03/28/2025 Books
© 2023-2024 Copyright: Central University Libraries. All Rights Reserved | Created by: Mahone Tech Office